Statistics for General Knowledge #3

Click here to take the quiz!

General Stats

  • This quiz has been taken 57 times
  • The average score is 13 of 20

Answer Stats

HintAnswer% Correct
What is the national bird of the United States of America?Bald Eagle
100%
What country was Genghis Khan born in?Mongolia
89%
What does the I stand for in ROYGBIV?Indigo
84%
What Pixar movie is about a rat cooking in Paris?Ratatouille
84%
What is the French word for red?Rouge
82%
Which Quarterback has won the most Super Bowls?Tom Brady
78%
Who invented the assembly line?Henry Ford
71%
Who is the only US president who never won a presidential election?Gerald Ford
69%
What is the largest African country?Algeria
67%
What is the largest city on the coast of the great lakes?Chicago
67%
What color is oxidized copper?Green
64%
What is the second book of the Bible?The Book of Exodus
64%
How old was King Tut when he died?19
62%
Who wrote the book Pride and Prejudice?Jane Austen
62%
What is Mattel's best selling product?Barbie
58%
Who played Billy Beane in the movie Moneyball?Brad Pitt
51%
What is the name of the 8th Star Wars Movie?The Last Jedi
33%
Which character got turned into a Blueberry in Charlie and the Chocolate Factory?Violet Beauregarde
33%
What candy has jokes written on every wrapper?Laffy Taffy
27%
Which video game character was the boss in Pixels?Donkey Kong
18%

Score Distribution

Percentile by Number Answered

Percent of People with Each Score

Your Score History

You have not taken this quiz